Pewnoruký Petor konský pastier, ako 25 palic sedemkráť zaplatí pánu Úžernýmu w 7 oddieloch - s 9 obrazmi

Bibliographic Details
Format: Book
Language:Slovak
PhysicalDescription:23 s. ilustr. 16 cm
Published: Budapesst Alojz Bucsánsky 1875
Edition:[1. vyd.]
Subjects:

MARC

LEADER 00000nam a2200000 a 4500
001 vtls008639700
003 SK-MaSNL
005 20260302075029.0
008 180810s1875 hu a g 000 d slo
020 |q (brož.) 
040 |a SNK  |b slo  |c SNK  |e AACR2 
041 0 |a slo 
044 |a hu  |c HU 
072 7 |a 821-1/-8  |x Literatúra rôznych foriem a žánrov  |2 konspekt 
080 |a 821-2  |2 2001 
245 0 0 |a Pewnoruký Petor konský pastier, ako 25 palic sedemkráť zaplatí pánu Úžernýmu  |b w 7 oddieloch - s 9 obrazmi 
250 |a [1. vyd.] 
260 |a Budapesst  |b Alojz Bucsánsky  |c 1875 
300 |a 23 s.  |b ilustr.  |c 16 cm 
500 |a Poškodený dokument 
500 |a Názov z obalu 
655 7 |a drámy  |2 SNKPH  |9 70553 
958 |a ONDV 
999 |c 1167544  |d 1169474 
952 |a SNK  |b SNK  |y PREZ  |7 0  |p 17A0503302  |o snkSD 1013/1 D1  |i snk2006/6391  |8 3  |g 13.28  |0 0  |1 0  |4 0  |d 2006-03-27  |l 0  |r 2026-02-24 20:53:12  |w 2026-02-24